[Event "Titled Tue 1st Jul Early"]
[Site "chess.com INT"]
[Date "2025.07.01"]
[Round "10"]
[White "Ahmad, Al Khatib"]
[Black "Grabinsky, Vladimir"]
[Result "0-1"]
[WhiteTitle "GM"]
[BlackTitle "IM"]
[WhiteElo "2172"]
[BlackElo "2192"]
[WhiteFideId "8103178"]
[BlackFideId "14107074"]
[EventDate "2025.07.01"]

1. d4 Nf6 2. Nc3 d5 3. Bf4 a6 4. e3 c5 5. dxc5 e6 6. Na4 Bxc5 7. Nxc5 Qa5+ 8. c3
Qxc5 9. Nf3 Nc6 10. Ne5 O-O 11. Be2 Ne4 12. O-O f6 13. Nxc6 bxc6 14. Bd3 e5 15.
Bg3 Be6 16. Qc2 Rab8 17. Rab1 a5 18. a3 h6 19. Bxe4 dxe4 20. Qxe4 Ba2 21. Rbc1
Rxb2 22. f4 Bd5 0-1

[Event "Titled Tue 1st Jul Early"]
[Site "chess.com INT"]
[Date "2025.07.01"]
[Round "10"]
[White "Fedotov, Nikita2"]
[Black "Hernandez Leon, Sergio"]
[Result "0-1"]
[WhiteTitle "FM"]
[BlackTitle "CM"]
[WhiteElo "2278"]
[BlackElo "2109"]
[WhiteFideId "24161446"]
[BlackFideId "2285622"]
[EventDate "2025.07.01"]

1. e4 c5 2. Nf3 Nf6 3. e5 Nd5 4. Nc3 e6 5. Bc4 Nb6 6. d3 Nc6 7. a3 Qc7 8. Qe2 a6
9. O-O Nd4 10. Nxd4 cxd4 11. Nb1 Nxc4 12. dxc4 d6 13. Bf4 Be7 14. Nd2 dxe5 15.
Bxe5 Bd6 16. Bxd4 Bxh2+ 17. Kh1 O-O 18. g3 Bxg3 19. fxg3 Qxg3 20. Qh2 Qxh2+ 21.
Kxh2 f6 22. c5 e5 23. Bc3 g6 24. Ne4 Bf5 25. Nd6 Bxc2 26. Nxb7 Rac8 27. Rac1 Bd3
28. Rfd1 e4 29. Bd4 Rc7 30. b4 Rxb7 31. c6 Rc7 32. Bb6 Rcc8 33. c7 f5 34. Rc6
Kf7 35. Rd6 Ke7 36. Bc5 Kf7 37. Rd7+ Ke6 38. Rxh7 Rh8 39. Rxh8 Rxh8+ 40. Kg3 Ke5
41. a4 f4+ 42. Kg4 Be2+ 43. Kg5 Bxd1 44. b5 axb5 45. axb5 Kd5 46. b6 Kc6 47.
Kxf4 Bf3 48. Be3 Rf8+ 49. Kg5 Bh5 50. Kh6 Kb7 51. Kg7 Rf3 52. Bd4 e3 0-1

[Event "Titled Tue 1st Jul Early"]
[Site "chess.com INT"]
[Date "2025.07.01"]
[Round "10"]
[White "Lee, Qing Aun"]
[Black "Bologan, Victor"]
[Result "0-1"]
[WhiteTitle "FM"]
[BlackTitle "GM"]
[WhiteElo "2280"]
[BlackElo "2601"]
[WhiteFideId "5804167"]
[BlackFideId "13900048"]
[EventDate "2025.07.01"]

1. d4 Nf6 2. Nc3 d5 3. Bf4 c5 4. e4 Nxe4 5. Nxe4 dxe4 6. dxc5 Qa5+ 7. c3 Qxc5 8.
Qa4+ Bd7 9. Qxe4 Bc6 10. Qc2 Nd7 11. b4 Qh5 12. Ne2 e5 13. Be3 Qg6 14. Qb3 Be7
15. Ng3 a6 16. Rd1 h5 17. Bd3 e4 18. Bc4 Ne5 19. Bd5 Nd3+ 20. Ke2 f5 21. Bxc6+
bxc6 22. Qc4 h4 23. Nxf5 Qxf5 24. Qxc6+ Kf7 25. f3 exf3+ 26. gxf3 Rac8 27. Qxa6
Ne5 28. Rhf1 Rxc3 29. Rd7 0-1

[Event "Titled Tue 1st Jul Early"]
[Site "chess.com INT"]
[Date "2025.07.01"]
[Round "10"]
[White "Light, Bjarne"]
[Black "Gonzalez Mojica, Renan Arturo"]
[Result "0-1"]
[WhiteTitle "CM"]
[BlackTitle "FM"]
[WhiteElo "2227"]
[BlackElo "2098"]
[WhiteFideId "1401360"]
[BlackFideId "4482379"]
[EventDate "2025.07.01"]

1. c4 g6 2. Nc3 Bg7 3. g3 e5 4. Bg2 f5 5. d3 Nf6 6. e4 d6 7. Nge2 O-O 8. O-O c6
9. h3 f4 10. gxf4 Nh5 11. fxe5 dxe5 12. Be3 Qh4 13. Qd2 Bxh3 14. Bc5 Qg4 15. Ng3
Bxg2 16. Bxf8 Bf3 17. Nd1 Nxg3 0-1

[Event "Titled Tue 1st Jul Early"]
[Site "chess.com INT"]
[Date "2025.07.01"]
[Round "10"]
[White "Gharibyan, Mamikon"]
[Black "Lyakh, Vasiliy"]
[Result "1-0"]
[WhiteTitle "GM"]
[WhiteElo "2495"]
[BlackElo "2123"]
[WhiteFideId "13308300"]
[BlackFideId "14189828"]
[EventDate "2025.07.01"]

1. e4 c5 2. Nf3 e6 3. d4 cxd4 4. Nxd4 Nc6 5. Bf4 Qb6 6. Nb5 e5 7. Be3 Qd8 8.
N1c3 Nf6 9. Nd6+ Bxd6 10. Qxd6 Qe7 11. O-O-O Qxd6 12. Rxd6 a6 13. a4 Kd8 14.
Bb6+ Ke7 15. Bc5 Kd8 16. a5 Kc7 17. b4 Ne8 18. Nd5+ Kb8 19. Nb6 Nxd6 20. Bxd6+
Ka7 21. Bc4 f6 22. Rd1 Nd4 23. Kb2 Re8 24. Bf7 Rd8 25. c4 Nc6 26. Kc3 Nd4 27.
Rd2 Nc6 28. b5 axb5 29. cxb5 Nxa5 30. Bc7 Rg8 31. Ra2 1-0

[Event "Titled Tue 1st Jul Early"]
[Site "chess.com INT"]
[Date "2025.07.01"]
[Round "10"]
[White "Skliarov, Viktor"]
[Black "Reshetnikov, Alexey"]
[Result "0-1"]
[WhiteTitle "IM"]
[BlackTitle "IM"]
[WhiteElo "2334"]
[BlackElo "2492"]
[WhiteFideId "14106736"]
[BlackFideId "4162080"]
[EventDate "2025.07.01"]

1. e4 e6 2. d4 d5 3. e5 c5 4. c3 Nc6 5. Nf3 Nge7 6. Na3 Bd7 7. Nc2 Qa5 8. dxc5
Ng6 9. b4 Qc7 10. Bb5 Ncxe5 11. Bxd7+ Nxd7 12. O-O Be7 13. c4 dxc4 14. Qe2 b6
15. Qxc4 bxc5 16. b5 O-O 17. Bb2 Nb6 18. Qe4 Rfd8 19. Rad1 c4 20. Bd4 Qf4 21.
Qe2 Rac8 22. g3 Qf5 23. Bxb6 axb6 24. Ncd4 Qc5 25. a4 Bf6 26. Nc6 Rxd1 27. Rxd1
Ra8 28. Qc2 h5 29. h4 c3 30. Rd3 Qc4 31. Ng5 Rxa4 32. Qxc3 Qxc3 0-1

[Event "Titled Tue 1st Jul Early"]
[Site "chess.com INT"]
[Date "2025.07.01"]
[Round "10"]
[White "Cordoba Roa, Angel Gabriel"]
[Black "Rietze, Clemens"]
[Result "1-0"]
[WhiteTitle "FM"]
[BlackTitle "FM"]
[WhiteElo "2396"]
[BlackElo "2348"]
[WhiteFideId "3957624"]
[BlackFideId "24620351"]
[EventDate "2025.07.01"]

1. e4 c6 2. d4 d5 3. e5 Bf5 4. h4 a6 5. g4 Bd7 6. Nc3 c5 7. dxc5 Qc7 8. Be3 e6
9. Qd2 Bxc5 10. Bxc5 Qxc5 11. O-O-O Nc6 12. Nf3 O-O-O 13. h5 f6 14. exf6 gxf6
15. g5 Rf8 16. Bh3 Nge7 17. Rhe1 fxg5 18. Nxg5 Rxf2 19. Nge4 Rxd2 20. Nxc5 Rxd1+
21. Kxd1 Re8 22. Nxd7 Kxd7 23. Rxe6 Rh8 24. Kd2 Kc7 25. a3 d4 26. Ne4 Nd5 27.
Rh6 Nf4 28. Bf5 Ne5 29. Nc5 Nf3+ 30. Kd1 Nh4 31. Be4 b6 32. Nxa6+ Kd7 33. Rxb6
Nxh5 34. Rh6 Ng3 35. Rxh4 Nxe4 36. Rxe4 1-0

[Event "Titled Tue 1st Jul Early"]
[Site "chess.com INT"]
[Date "2025.07.01"]
[Round "10"]
[White "Iljin, Timofey"]
[Black "Jimenez Salas, Maria Teresa"]
[Result "0-1"]
[WhiteTitle "IM"]
[BlackTitle "WIM"]
[WhiteElo "2242"]
[BlackElo "2249"]
[WhiteFideId "14110180"]
[BlackFideId "3843866"]
[EventDate "2025.07.01"]

1. e4 c5 2. c3 Nf6 3. e5 Nd5 4. d4 cxd4 5. Nf3 d6 6. cxd4 Nc6 7. Bc4 dxe5 8.
dxe5 Be6 9. O-O Nc7 10. Qe2 Bxc4 11. Qxc4 Ne6 12. Nc3 g6 13. Rd1 Qc8 14. Ng5
Nxg5 15. Bxg5 Bg7 16. e6 Qxe6 17. Nd5 O-O 18. Re1 Qf5 19. Bxe7 Rfe8 20. Bd6 Bxb2
21. Rab1 Bd4 22. Ne7+ Rxe7 23. Bxe7 Bxf2+ 24. Kh1 Bxe1 25. Rxe1 Nxe7 26. h3 Nc6
27. Qb3 Qf2 28. Rc1 Re8 29. Qc3 Nd4 30. Rb1 Ne2 31. Qc4 Nf4 32. Rg1 h5 33. Qc3
Re2 34. Qc8+ Kh7 35. Qxb7 Nxh3 36. Rc1 Ng5 37. Qb4 Qxg2# 0-1

[Event "Titled Tue 1st Jul Early"]
[Site "chess.com INT"]
[Date "2025.07.01"]
[Round "10"]
[White "Deac, Bogdan-Daniel"]
[Black "Eswaran, Ashritha"]
[Result "1-0"]
[WhiteTitle "GM"]
[BlackTitle "FM"]
[WhiteElo "2674"]
[BlackElo "2236"]
[WhiteFideId "1226380"]
[BlackFideId "2080788"]
[EventDate "2025.07.01"]

1. c4 e5 2. Nc3 Nc6 3. e3 Nf6 4. a3 Be7 5. b4 O-O 6. Bb2 d5 7. cxd5 Nxd5 8. Qc2
a6 9. Nf3 Be6 10. Rc1 f5 11. Bc4 e4 12. Qb3 exf3 13. Nxd5 fxg2 14. Nxe7+ Kh8 15.
Rg1 Bxc4 16. Bxg7+ Kxg7 17. Qc3+ Kf7 18. Nxc6 bxc6 19. Qxc4+ Qd5 20. Rxg2 Qxc4
21. Rxc4 a5 22. Rxc6 Rfc8 23. Rg5 axb4 24. Rxf5+ Ke7 25. axb4 Kd7 26. b5 Ra5 27.
Rf7+ Ke8 28. Rfxc7 Rxc7 29. Rxc7 Rxb5 30. Rxh7 Rg5 31. d4 Rg1+ 32. Ke2 Rg2 33.
d5 Rg1 34. e4 Rh1 35. d6 Rc1 36. e5 Rc5 37. f4 Rc4 38. Kf3 Rc2 39. Kg4 Re2 40.
Kf5 Rg2 41. Ke6 Rg6+ 42. Kd5 Rg8 43. f5 Rg5 44. Ke6 Rg8 45. Ra7 Kf8 46. Ra8+ Kg7
47. Rxg8+ 1-0

[Event "Titled Tue 1st Jul Early"]
[Site "chess.com INT"]
[Date "2025.07.01"]
[Round "10"]
[White "Fernandes, Rogerio Paulo Muller"]
[Black "Evdokimov, Alexey"]
[Result "0-1"]
[BlackTitle "FM"]
[WhiteElo "2241"]
[BlackElo "2205"]
[WhiteFideId "2101599"]
[BlackFideId "24162450"]
[EventDate "2025.07.01"]

1. c4 Nf6 2. g3 g6 3. Bg2 Bg7 4. Nf3 O-O 5. O-O c5 6. Nc3 d6 7. a3 Nc6 8. Rb1 a5
9. d3 Qd7 10. Bd2 b6 11. Ne1 Bb7 12. Nc2 Rfb8 13. b4 axb4 14. axb4 e6 15. b5 Nd4
16. Nxd4 cxd4 17. Ne4 Nxe4 18. Bxe4 Bxe4 19. dxe4 Ra2 20. Bb4 Rba8 21. Qd3 e5
22. Rfd1 Bf8 23. e3 Bg7 24. exd4 exd4 25. Rd2 Qe6 26. Kg2 h5 27. h4 Be5 28. Rbb2
Ra1 29. f4 Bxf4 30. Rf2 Be3 31. Rf3 Rg1+ 32. Kh2 Raa1 0-1

[Event "Titled Tue 1st Jul Early"]
[Site "chess.com INT"]
[Date "2025.07.01"]
[Round "10"]
[White "Alvarado Diaz, Alejandro"]
[Black "Nikookar, Mahdi"]
[Result "1-0"]
[WhiteTitle "IM"]
[BlackTitle "FM"]
[WhiteElo "2484"]
[BlackElo "2216"]
[WhiteFideId "2276119"]
[BlackFideId "22552987"]
[EventDate "2025.07.01"]

1. e4 e5 2. Nc3 Nc6 3. g3 d6 4. Bg2 h5 5. h3 h4 6. g4 Nge7 7. d3 Ng6 8. Nge2 Be7
9. f4 Nxf4 10. Nxf4 exf4 11. Bxf4 Bg5 12. Qd2 Bxf4 13. Qxf4 Be6 14. O-O-O Nd4
15. e5 dxe5 16. Qxe5 O-O 17. Rde1 Re8 18. Re4 Nc6 19. Qf4 a6 20. Rhe1 Qd6 21.
Qxd6 cxd6 22. g5 Bd7 23. Rxe8+ Rxe8 24. Rxe8+ Bxe8 25. Ne4 d5 26. Nd6 Bd7 27.
Nxb7 Nd4 28. Nc5 Bc8 29. Kd2 Ne6 30. Nxe6 Bxe6 31. Ke3 d4+ 32. Kxd4 Bxa2 33. c4
f6 34. gxf6 1-0

[Event "Titled Tue 1st Jul Early"]
[Site "chess.com INT"]
[Date "2025.07.01"]
[Round "10"]
[White "Zakrzewski, Marek"]
[Black "Goncharov, Vladimir"]
[Result "1-0"]
[WhiteTitle "FM"]
[WhiteElo "2288"]
[BlackElo "2077"]
[WhiteFideId "1170694"]
[BlackFideId "34162256"]
[EventDate "2025.07.01"]

1. e4 e6 2. d4 d5 3. Nd2 Be7 4. Ngf3 Nf6 5. Bd3 c5 6. dxc5 O-O 7. Qe2 a5 8. h4
h6 9. e5 Nfd7 10. g4 Nxc5 11. g5 Nxd3+ 12. cxd3 h5 13. Nd4 g6 14. O-O Bxg5 15.
hxg5 Qxg5+ 16. Kh2 Qh4+ 17. Kg2 Qxd4 18. f4 Nc6 19. Nf3 Qb6 20. Rh1 Kg7 21. Be3
d4 22. Bf2 f6 23. Rag1 fxe5 24. Nxe5 Rxf4 25. Kf1 Rf5 26. Rxg6+ Kf8 27. Rxh5
Rxh5 28. Qxh5 Qxb2 29. Qh7 Qc1+ 30. Kg2 1-0

[Event "Titled Tue 1st Jul Early"]
[Site "chess.com INT"]
[Date "2025.07.01"]
[Round "10"]
[White "Zhigalko, Sergei"]
[Black "Terry, Renato"]
[Result "0-1"]
[WhiteTitle "GM"]
[BlackTitle "IM"]
[WhiteElo "2572"]
[BlackElo "2508"]
[WhiteFideId "13502956"]
[BlackFideId "3803457"]
[EventDate "2025.07.01"]

1. e4 e6 2. d4 d5 3. e5 c5 4. c3 Qb6 5. Nf3 Bd7 6. Be2 cxd4 7. cxd4 Bb5 8. Nc3
Bxe2 9. Nxe2 Nc6 10. O-O Nge7 11. Ng3 g6 12. Bg5 Bg7 13. Qd2 h6 14. Be3 Qb4 15.
Qe2 O-O 16. Rfc1 Rac8 17. h4 Na5 18. b3 Kh7 19. h5 Rxc1+ 20. Rxc1 Nac6 21. Qd3
Rc8 22. hxg6+ fxg6 23. Nh5 Nf5 24. Bd2 Qe7 25. Nxg7 Kxg7 26. g3 Qf7 27. Kg2 g5
28. g4 Nfe7 29. Rh1 Qg6 30. Qe3 Rf8 31. Kg3 Rf4 32. Rh5 Qxh5 33. gxh5 Nf5+ 34.
Kg2 Nxe3+ 35. Bxe3 Rf8 36. Nh2 Nb4 37. a4 Nc2 38. Ng4 Rc8 39. f4 Nxe3+ 40. Nxe3
gxf4 41. Ng4 Rc3 42. Kf2 Rxb3 0-1

[Event "Titled Tue 1st Jul Early"]
[Site "chess.com INT"]
[Date "2025.07.01"]
[Round "10"]
[White "Porozhnyak, Maya"]
[Black "Sobek, Jaroslav"]
[Result "0-1"]
[WhiteTitle "WCM"]
[BlackTitle "FM"]
[WhiteElo "1953"]
[BlackElo "2195"]
[WhiteFideId "34115843"]
[BlackFideId "301388"]
[EventDate "2025.07.01"]

1. e4 c5 2. Nf3 a6 3. d4 cxd4 4. c3 dxc3 5. Nxc3 e6 6. Bc4 b5 7. Bb3 d6 8. O-O
Nd7 9. Qe2 Nc5 10. Bc2 Bb7 11. b4 Nd7 12. Rd1 Rc8 13. Bb2 Qc7 14. Rac1 Ngf6 15.
Bb3 Qb8 16. Ng5 Ne5 17. f4 Nc4 18. Ba1 h6 19. Nf3 Be7 20. e5 dxe5 21. Nxe5 O-O
22. Nxc4 bxc4 23. Bxc4 Qxf4 24. Na4 Bxb4 25. Be5 Qg5 0-1

[Event "Titled Tue 1st Jul Early"]
[Site "chess.com INT"]
[Date "2025.07.01"]
[Round "10"]
[White "Hansen, Eric"]
[Black "Erdogmus, Yagiz Kaan"]
[Result "1-0"]
[WhiteTitle "GM"]
[BlackTitle "GM"]
[WhiteElo "2609"]
[BlackElo "2626"]
[WhiteFideId "2606771"]
[BlackFideId "44599790"]
[EventDate "2025.07.01"]

1. e4 Nc6 2. Nf3 d5 3. exd5 Qxd5 4. Nc3 Qd6 5. Nb5 Qd8 6. d4 Nf6 7. h3 a6 8. Nc3
Bf5 9. Bc4 e6 10. a3 Be7 11. O-O O-O 12. Re1 h6 13. Bf4 Bd6 14. Ne5 Ne7 15. Bb3
c5 16. dxc5 Bxc5 17. Qf3 Qc8 18. g4 Bh7 19. Bxh6 Nfd5 20. Bd2 f6 21. Nd3 Bd6 22.
Nxd5 exd5 23. Bf4 Bxf4 24. Nxf4 Re8 25. Rxe7 Rxe7 26. Nxd5 1-0

[Event "Titled Tue 1st Jul Early"]
[Site "chess.com INT"]
[Date "2025.07.01"]
[Round "10"]
[White "Smirnov, Mark"]
[Black "Vijayakumar, Rishi"]
[Result "1-0"]
[WhiteTitle "FM"]
[BlackTitle "FM"]
[WhiteElo "2352"]
[BlackElo "2333"]
[WhiteFideId "13764594"]
[BlackFideId "2408953"]
[EventDate "2025.07.01"]

1. Nc3 Nf6 2. d4 d5 3. e4 dxe4 4. f3 c5 5. d5 e3 6. Bxe3 e5 7. g4 h6 8. h3 Bd6
9. Nge2 a6 10. Ng3 b5 11. Nce4 Nxe4 12. Nxe4 Qe7 13. c4 bxc4 14. Bxc4 O-O 15.
Qe2 Nd7 16. h4 Nb6 17. O-O-O Nxc4 18. Qxc4 Bd7 19. g5 h5 20. g6 Bb5 21. Qc2 fxg6
22. Nxd6 Qxd6 23. Bxc5 Qd7 24. Bxf8 Rxf8 25. Qxg6 Rxf3 26. Qe6+ Qxe6 27. dxe6
Kf8 28. a4 Bxa4 29. Rhf1 Rxf1 30. Rxf1+ Ke7 31. Rf7+ Kxe6 32. Rxg7 Bb5 33. Kd2
Kd5 34. Rh7 Kc4 35. Rxh5 e4 36. Rxb5 1-0

[Event "Titled Tue 1st Jul Early"]
[Site "chess.com INT"]
[Date "2025.07.01"]
[Round "10"]
[White "Soza de la Carrera, Jose"]
[Black "Grot, Blazej"]
[Result "1-0"]
[WhiteTitle "CM"]
[BlackTitle "CM"]
[WhiteElo "2221"]
[BlackElo "2207"]
[WhiteFideId "3401278"]
[BlackFideId "21835845"]
[EventDate "2025.07.01"]

1. d4 Nf6 2. c4 g6 3. Nc3 Bg7 4. e4 d6 5. f3 c5 6. d5 a6 7. Bg5 Nbd7 8. Qd2 h5
9. Nh3 Rb8 10. a4 Ne5 11. Nf2 Qa5 12. f4 Neg4 13. Nxg4 Nxg4 14. h3 Nh6 15. Ra3
Bd4 16. Bd3 f6 17. Bh4 Nf7 18. Bf2 Bxf2+ 19. Kxf2 g5 20. Rf1 gxf4 21. Qxf4 Ne5
22. Be2 Bd7 23. Kg1 Kd8 24. Rb1 Kc7 25. Na2 Rbg8 26. Kh1 Rg5 27. b4 cxb4 28.
Rxb4 Rhg8 29. Bf1 Qc5 30. Rab3 Bc8 31. Nc1 Qd4 32. c5 Qd1 33. cxd6+ exd6 34. Kh2
f5 35. Nd3 Nf7 36. e5 Kb8 37. exd6 Ka8 38. d7 1-0

[Event "Titled Tue 1st Jul Early"]
[Site "chess.com INT"]
[Date "2025.07.01"]
[Round "10"]
[White "Duarte Cramer, Lily Jeanette"]
[Black "Sahin, Sarp"]
[Result "0-1"]
[WhiteTitle "WCM"]
[BlackTitle "CM"]
[WhiteElo "1828"]
[BlackElo "2187"]
[WhiteFideId "29620180"]
[BlackFideId "51605066"]
[EventDate "2025.07.01"]

1. d4 c5 2. d5 Nf6 3. c4 b5 4. cxb5 a6 5. e3 g6 6. bxa6 Bg7 7. Nc3 Bxa6 8. Bxa6
Nxa6 9. Nge2 O-O 10. O-O d6 11. a3 Nd7 12. Nf4 Nc7 13. Bd2 Rb8 14. Qc2 Nb6 15.
e4 Nc4 16. Rfb1 Bh6 17. Nce2 Nxd2 18. Qxd2 e5 19. dxe6 fxe6 20. Rd1 e5 21. Ne6
Qh4 22. Qe1 Nxe6 23. Rxd6 Qe7 24. Rad1 Nd4 25. Nxd4 cxd4 26. Ra6 Rxb2 27. f3 Qg5
28. Qf1 Qe3+ 29. Kh1 Qe2 30. Qxe2 Rxe2 31. Re6 Rc8 32. Rxe5 d3 33. Rd5 d2 34. f4
Re1+ 35. Rxe1 dxe1=R# 0-1

[Event "Titled Tue 1st Jul Early"]
[Site "chess.com INT"]
[Date "2025.07.01"]
[Round "10"]
[White "Cuenca Jimenez, Jose Fernando"]
[Black "Gabrielian, Artur"]
[Result "1-0"]
[WhiteTitle "GM"]
[BlackTitle "GM"]
[WhiteElo "2477"]
[BlackElo "2407"]
[WhiteFideId "2255570"]
[BlackFideId "4131002"]
[EventDate "2025.07.01"]

1. d4 Nf6 2. Bf4 d5 3. e3 e6 4. Nf3 Bd6 5. Ne5 O-O 6. Nd2 c5 7. c3 Qc7 8. Bd3
Nbd7 9. Ndf3 b6 10. g4 Bb7 11. g5 Ne4 12. Rg1 c4 13. Nxd7 cxd3 14. Bxd6 Qxd6 15.
Nxf8 d2+ 16. Nxd2 Qxh2 17. Rf1 Ba6 18. Nxe4 dxe4 19. Nd7 Rd8 20. Ne5 Qg2 21. c4
Qxf2+ 22. Rxf2 1-0

[Event "Titled Tue 1st Jul Early"]
[Site "chess.com INT"]
[Date "2025.07.01"]
[Round "10"]
[White "Bilochenko, Matvii"]
[Black "Przybylski, Bartosz"]
[Result "0-1"]
[WhiteTitle "CM"]
[BlackTitle "CM"]
[WhiteElo "2005"]
[BlackElo "2062"]
[WhiteFideId "41834062"]
[BlackFideId "21878323"]
[EventDate "2025.07.01"]

1. b3 e5 2. Bb2 Nc6 3. c4 Nge7 4. Nf3 f6 5. d4 exd4 6. Nxd4 Nxd4 7. Bxd4 d5 8.
cxd5 Nxd5 9. e3 Bb4+ 10. Nd2 c5 11. Bb5+ Bd7 12. Qh5+ g6 13. Qxd5 Bxb5 14. Qe6+
Qe7 15. Qxf6 Qxf6 16. Bxf6 O-O 17. Bb2 Bxd2+ 18. Kxd2 Rxf2+ 19. Kc3 Re8 20. Rhe1
Rxg2 21. a4 Bc6 22. h4 Rf8 23. Rad1 Rff2 24. Rd8+ Kf7 25. Rc1 Rxb2 26. Rh8 Bd5
27. Rxh7+ Kg8 28. Rxb7 Bxb7 29. Kc4 Rgc2+ 30. Rxc2 Rxc2+ 31. Kb5 Rc3 32. b4 cxb4
33. Kxb4 Rxe3 34. Kb5 Re5+ 35. Kb4 Re4+ 36. Kb5 Rxh4 37. a5 Rh5+ 38. Kb4 Bc6 39.
a6 Rd5 40. Kc4 g5 41. Kb4 g4 42. Kc4 g3 43. Kb4 g2 44. Kc4 g1=R 45. Kb4 Rg4+ 46.
Kc3 Rh5 47. Kd3 Rh3+ 48. Ke2 Rg2+ 49. Kf1 Rh1# 0-1

[Event "Titled Tue 1st Jul Early"]
[Site "chess.com INT"]
[Date "2025.07.01"]
[Round "10"]
[White "Marchesich, Giovanni"]
[Black "Jaskolka, Tomasz"]
[Result "0-1"]
[WhiteTitle "CM"]
[BlackTitle "CM"]
[WhiteElo "2189"]
[BlackElo "2194"]
[WhiteFideId "2824790"]
[BlackFideId "1170791"]
[EventDate "2025.07.01"]

1. e4 d6 2. d4 Nf6 3. Nc3 Nbd7 4. g3 e5 5. Nge2 h5 6. h3 c6 7. a4 Be7 8. Be3 Qc7
9. Bg2 Nf8 10. O-O Be6 11. f4 h4 12. f5 Bc4 13. g4 O-O-O 14. b3 Bxe2 15. Qxe2
N8d7 16. Rfd1 Kb8 17. Bf2 exd4 18. Bxd4 Ne5 19. Qf2 a6 20. Bb6 Qd7 21. Bxd8 Qxd8
22. Ne2 Nh7 23. Nd4 Ng5 24. Kh2 Bf6 25. Rab1 Qc7 26. Kh1 Re8 27. b4 Nc4 28. b5
axb5 29. axb5 Nxe4 30. Bxe4 Rxe4 31. bxc6 Bxd4 32. Rxd4 Qxc6 33. Rxe4 Qxe4+ 34.
Qg2 Qxg2+ 35. Kxg2 Ne3+ 36. Kf3 Nxc2 37. Rd1 b5 38. Rxd6 Kc7 39. Rd2 Na3 40. Ke4
Nc4 41. g5 Nxd2+ 0-1

[Event "Titled Tue 1st Jul Early"]
[Site "chess.com INT"]
[Date "2025.07.01"]
[Round "10"]
[White "Iskusnyh, Sergei"]
[Black "Dovgaliuk, Oleksandr"]
[Result "1/2-1/2"]
[WhiteTitle "GM"]
[WhiteElo "2440"]
[BlackElo "2174"]
[WhiteFideId "4120027"]
[BlackFideId "14167247"]
[EventDate "2025.07.01"]

1. d4 Nf6 2. c4 g6 3. g3 c6 4. Bg2 d5 5. e3 Bg7 6. Ne2 O-O 7. O-O Bg4 8. h3 Bxe2
9. Qxe2 e6 10. b3 a5 11. Nc3 Qe7 12. Bb2 Na6 13. Rad1 Rfe8 14. Kh2 Nc7 15. Rc1
h5 16. Na4 Nd7 17. f4 f5 18. Bf3 Kf7 19. Rg1 Rh8 20. Rcf1 b5 21. cxb5 cxb5 22.
Nc3 a4 23. Rc1 Rhc8 24. Rc2 axb3 25. axb3 Qb4 26. Rgc1 Qxb3 27. Nxb5 Nxb5 28.
Rxc8 Ra2 29. R1c2 Nb6 30. Rb8 Nc4 31. Rb7+ Kg8 32. Bxh5 gxh5 33. Rb8+ Bf8 34. g4
Rxb2 35. Rxb2 Qxb2 36. Qxb2 Nxb2 37. Rxb5 Nc4 38. gxf5 exf5 39. Rxd5 Nxe3 40.
Re5 Bd6 41. Rxe3 Bxf4+ 42. Rg3+ Kf7 43. Kg2 Bxg3 44. Kxg3 Ke6 45. Kf4 Kd5 46.
Kxf5 Kxd4 47. Kg5 Ke5 48. Kxh5 Kf6 49. Kh6 Kf7 50. h4 Kg8 51. Kg6 Kh8 52. h5 Kg8
53. h6 Kh8 54. h7 1/2-1/2

[Event "Titled Tue 1st Jul Early"]
[Site "chess.com INT"]
[Date "2025.07.01"]
[Round "10"]
[White "Javakhadze, Zurab"]
[Black "Belov, Alexei"]
[Result "1-0"]
[WhiteTitle "IM"]
[BlackTitle "IM"]
[WhiteElo "2418"]
[BlackElo "2421"]
[WhiteFideId "13603647"]
[BlackFideId "4128206"]
[EventDate "2025.07.01"]

1. e4 e6 2. d4 d5 3. Bd3 dxe4 4. Bxe4 Nf6 5. Bf3 c5 6. Ne2 Nc6 7. Bxc6+ bxc6 8.
O-O Ba6 9. Be3 cxd4 10. Nxd4 Bxf1 11. Qxf1 Nd5 12. Bd2 Qb6 13. Nb3 Be7 14. Nc3
O-O 15. Ne4 Rfd8 16. Qe2 a5 17. a4 Nb4 18. Bc3 Nd5 19. Bd4 Qc7 20. Ng3 c5 21.
Be5 Bd6 22. Bxd6 Rxd6 23. Ne4 Rc6 24. g3 Rb8 25. Qe1 Nb4 26. Qc3 c4 27. Nd4 Rcb6
28. Nb5 Qc6 29. Re1 h6 30. Nd2 Rc8 31. Na7 Qb7 32. Nxc8 Qxc8 33. Nxc4 Nd5 34.
Nxb6 1-0

[Event "Titled Tue 1st Jul Early"]
[Site "chess.com INT"]
[Date "2025.07.01"]
[Round "10"]
[White "Hrebenshchykova, Yelyzaveta"]
[Black "Ramiro Ovejero, Juan Luis"]
[Result "0-1"]
[WhiteTitle "WIM"]
[BlackTitle "IM"]
[WhiteElo "2265"]
[BlackElo "2334"]
[WhiteFideId "14159899"]
[BlackFideId "2210436"]
[EventDate "2025.07.01"]

1. e4 e5 2. Nf3 Nc6 3. Bb5 a6 4. Ba4 d6 5. O-O Bd7 6. c3 g6 7. d4 Bg7 8. h3 Nf6
9. Re1 b5 10. Bc2 O-O 11. Nbd2 Re8 12. Nf1 Qc8 13. Ng3 Nd8 14. a4 c5 15. d5 c4
16. Nh2 Nb7 17. Be3 Nc5 18. a5 h5 19. Nf3 Nh7 20. Ng5 Qd8 21. Nxh7 Kxh7 22. Nf1
Bh6 23. Qf3 Rf8 24. Bxc5 dxc5 25. Ne3 Qh4 26. d6 Be6 27. Rad1 Rad8 28. Nd5 Kg7
29. Nc7 Bc8 30. Qe2 Qf6 0-1

[Event "Titled Tue 1st Jul Early"]
[Site "chess.com INT"]
[Date "2025.07.01"]
[Round "10"]
[White "Flynn, Jacob"]
[Black "Hari, Madhavan N B"]
[Result "0-1"]
[WhiteTitle "CM"]
[BlackTitle "IM"]
[WhiteElo "2275"]
[BlackElo "2365"]
[WhiteFideId "2509393"]
[BlackFideId "25054309"]
[EventDate "2025.07.01"]

1. e4 e6 2. d3 d5 3. Qe2 Nf6 4. Nf3 Ke7 5. g3 g6 6. Bg2 Bg7 7. h4 Re8 8. h5 Nc6
9. h6 Bh8 10. Bg5 dxe4 11. dxe4 e5 12. Nc3 Kf8 13. Rd1 Bd7 14. O-O Kg8 15. Nd5
Re6 16. c3 Rd6 17. b4 Qf8 18. Nxc7 Rc8 19. Nb5 Rxd1 20. Rxd1 Bg4 21. Nd6 Rd8 22.
Nxb7 Rxd1+ 23. Qxd1 Nxe4 24. Be3 Nxc3 25. Qc2 e4 26. Nd2 Nxb4 27. Qb3 Nbxa2 28.
Nxe4 Nxe4 29. Bxe4 Nc3 30. Bd3 Be6 31. Bc4 Bxc4 32. Qxc4 Qb8 33. Bd4 Bxd4 34.
Kg2 Bf6 35. Nc5 Qa8+ 36. f3 Qc8 37. Qb4 Nd5 38. Qb5 Nb6 39. Ne4 Bh8 40. Qg5 Qf8
41. f4 Nd7 42. Qd5 Nf6 43. Nxf6+ Bxf6 44. g4 Qd8 45. Qxd8+ 0-1